000 01219nam a2200253 4500
999 _c121096
_d121096
001 K121096
008 160218b2019 xxu||||| |||| 00| 0 eng d
020 _a9781783213610
041 _aeng
050 _aF692.5
100 _aBuilding Cost Information Service
245 _aBCIS comprehensive buildng price book major works, 2020
250 _a37th
260 _aLondon
_bBCIS
_c2019
300 _a1 v.
_c30 cm
520 _aThe Major works and dataset focuses predominantly on large 'new build' projects from reflecting the economies of scale found in these forms of construction. Gives you rates compiling over 500,000 price elements. Each unit rate and element has been updated on new materials and specifications have been incorporated where applicable, and includes the latest amendments to professional information, average building prices, Town & Country planning, regulation fees for applications, building regulations prescribed fees etc and cost limits and allowances. .
520 _aSupersedes 36 edition, ISBN 9781783213160
650 _aBuilding costs
650 _aPrice books
650 _aMajor Works
651 _aUnited Kingdom 1973
690 _96233
_aCost management
942 _n0